Bytový dom
Enregistré dans:
| Auteur principal: | |
|---|---|
| Autres auteurs: | |
| Format: | Manuscrit Livre |
| Langue: | slovaque |
| Publié: |
2019
|
| Sujets: | |
| Accès en ligne: | http://is.stuba.sk/zp/portal_zp.pl?podrobnosti=144734 https://opac.crzp.sk/?fn=detailBiblioForm&sid=9F8942B94996237AA2F51AF666DC |
| Tags: |
Pas de tags, Soyez le premier à ajouter un tag!
|
MARC
| LEADER | 00000ntm a22000003a 4500 | ||
|---|---|---|---|
| 001 | stuzp74048 | ||
| 003 | SK-STU | ||
| 005 | 20230609092739.0 | ||
| 007 | ta | ||
| 008 | 150427s2015----xo-----f-mn---000-0-slo-d | ||
| 040 | |a STU |b slo | ||
| 041 | 0 | |a slo | |
| 100 | 1 | |a Repčák, Ján |u 010270 |k Z4 |4 aut |U SvF Stavebná fakulta |T SvF Katedra technológie stavieb |X 76307 |U V270 |Y 28 |7 76307 | |
| 242 | 0 | 1 | |a Living house |y eng |
| 245 | 1 | 0 | |a Bytový dom |
| 260 | |c 2019 | ||
| 650 | 4 | |a zariadenie staveniska |2 slo | |
| 650 | 4 | |a harmonogram |2 slo | |
| 650 | 4 | |a vnútorné dlažby |2 slo | |
| 650 | 4 | |a construction site equipment |2 eng | |
| 650 | 4 | |a time schedule |2 eng | |
| 650 | 4 | |a interior paving |2 eng | |
| 700 | 1 | |a Božík, Michal |u 010270 |k Z1 |4 ths |U SvF Stavebná fakulta |T SvF Katedra technológie stavieb |X 1008 |U V270 |Y 28 |7 A000001008 | |
| 856 | 4 | |u http://is.stuba.sk/zp/portal_zp.pl?podrobnosti=144734 | |
| 856 | 4 | |u https://opac.crzp.sk/?fn=detailBiblioForm&sid=9F8942B94996237AA2F51AF666DC | |